K metodologickým otázkam antropológie a „obrazu človeka“ s „ľudskou dôstojnosťou“

Genealógia významu antropológie. Aristoteles, Kant, Nietszche, Scheler, Gehlen, Plessner. Chápanie samého seba ako výsledok vývoja agendy ľudských práv po roku 1945 so zreteľom na „obraz človeka“ s „ľudskou dôstojnosťou“.

Gespeichert in:
Bibliographische Detailangaben
1. Verfasser: Lohmann, Georg
Format: Buchkapitel
Sprache:Slowakisch
Schlagworte:
Tags: Tag hinzufügen
Keine Tags, Fügen Sie das erste Tag hinzu!

MARC

LEADER 00000naa a2200000 4500
001 0248912
005 20181115114350.1
041 0 |a slo 
044 |a SK 
245 1 0 |a K metodologickým otázkam antropológie a „obrazu človeka“ s „ľudskou dôstojnosťou“  |c Georg Lohmann 
520 |a Genealógia významu antropológie. Aristoteles, Kant, Nietszche, Scheler, Gehlen, Plessner. Chápanie samého seba ako výsledok vývoja agendy ľudských práv po roku 1945 so zreteľom na „obraz človeka“ s „ľudskou dôstojnosťou“. 
610 2 0 |a práva ľudské 
610 2 0 |a filozofia 
610 2 0 |a antropológia 
610 2 0 |a dejiny filozofie 
100 1 |a Lohmann, Georg